Теоретические основы и исторические аспекты возникновения и развития физической культуры и спорта (Запись № 12989743)
[ простой вид ]
| 000 -МАРКЕР | |
|---|---|
| контрольное поле | 02056nam1a2200301 i 4500 |
| 001 - ИДЕНТИФИКАТОР ЗАПИСИ | |
| контрольное поле | RU\NLR\BIBL_A\012736823 |
| 005 - ИДЕНТИФИКАТОР ВЕРСИИ | |
| контрольное поле | 20260406152324.0 |
| 035 ## - ДРУГИЕ СИСТЕМНЫЕ НОМЕРА | |
| Идентификатор записи | (NLR Aleph) 012736823 |
| 100 ## - ДАННЫЕ ОБЩЕЙ ОБРАБОТКИ | |
| Данные общей обработки | 20220322g20219999um y0rusy50 ca |
| 101 0# - ЯЗЫК РЕСУРСА | |
| Язык текста, звукозаписи и т.д. | русский |
| 102 ## - СТРАНА ПУБЛИКАЦИИ ИЛИ ПРОИЗВОДСТВА | |
| Страна публикации | Российская Федерация |
| 105 ## - ПОЛЕ КОДИРОВАННЫХ ДАННЫХ: ТЕКСТОВЫЕ МАТЕРИАЛЫ, МОНОГРАФИЧЕСКИЕ | |
| Кодированные данные о монографическом текстовом документе | ||||j|||||||| |
| 200 1# - ЗАГЛАВИЕ И СВЕДЕНИЯ ОБ ОТВЕТСТВЕННОСТИ | |
| Основное заглавие | Теоретические основы и исторические аспекты возникновения и развития физической культуры и спорта |
| Сведения, относящиеся к заглавию | учебное пособие |
| -- | в двух частях |
| Первые сведения об ответственности | Р.В. Руденко - доктор педагогических наук, О.С. Зайцев - кандидат педагогических наук, доцент, В.В. Попадьин - кандидат педагогических наук [и др.] |
| Последующие сведения об ответственности | под редакцией Р. В. Руденко |
| -- | Министерство обороны Российской Федерации, Военный институт физической культуры |
| 210 ## - ПУБЛИКАЦИЯ, РАСПРОСТРАНЕНИЕ И ДР. | |
| Место издания, распространения и т.д. | Санкт-Петербург |
| Имя издателя, распространителя и т. д. | ВИФК |
| Дата издания, распространения и т.д. | 2021 |
| 215 ## - ФИЗИЧЕСКАЯ ХАРАКТЕРИСТИКА | |
| Размеры | 21 |
| 300 ## - ОБЩИЕ ПРИМЕЧАНИЯ | |
| Текст примечания | Авт. указаны на обороте тит. с. |
| 601 01 - НАИМЕНОВАНИЕ ОРГАНИЗАЦИИ КАК ПРЕДМЕТ | |
| Начальный элемент ввода | Российская Федерация |
| Структурное подразделение организации | Вооруженные силы |
| Формальный подзаголовок | Учебные издания для высших учебных заведений |
| Тематический подзаголовок | Личный состав |
| -- | Физическая подготовка |
| Системный номер авторитетной/нормативной записи | 2282373 |
| Идентификатор авторитетной/нормативной записи | RU\NLR\AUTH\6601595492 |
| 686 1# - ИНДЕКСЫ ДРУГИХ КЛАССИФИКАЦИЙ | |
| Индекс | Ц4,6(2Р)36я73-1 |
| 701 #1 - ИМЯ ЛИЦА - АЛЬТЕРНАТИВНАЯ ОТВЕТСТВЕННОСТЬ | |
| Начальный элемент ввода | Руденко |
| Часть имени, кроме начального элемента ввода | Р. В. |
| Расширение инициалов личного имени | Родион Владимирович |
| 701 #1 - ИМЯ ЛИЦА - АЛЬТЕРНАТИВНАЯ ОТВЕТСТВЕННОСТЬ | |
| Начальный элемент ввода | Зайцев |
| Часть имени, кроме начального элемента ввода | О. С. |
| Дополнения к именам, кроме дат | канд. пед. наук |
| Расширение инициалов личного имени | Олег Сергеевич |
| Системный номер авторитетной/нормативной записи | 223119 |
| Идентификатор авторитетной/нормативной записи | RU\NLR\AUTH\770223175 |
| 701 #1 - ИМЯ ЛИЦА - АЛЬТЕРНАТИВНАЯ ОТВЕТСТВЕННОСТЬ | |
| Начальный элемент ввода | Попадьин |
| Часть имени, кроме начального элемента ввода | В. В. |
| Расширение инициалов личного имени | Виталий Валериевич |
| 712 02 - НАИМЕНОВАНИЕ ОРГАНИЗАЦИИ - ВТОРИЧНАЯ ОТВЕТСТВЕННОСТЬ | |
| Код отношения | Издающая организация |
| Начальный элемент ввода | Военный институт физической культуры |
| Идентифицирующий признак | Санкт-Петербург |
| Идентификатор авторитетной/нормативной записи | RU\NLR\AUTH\889927783 |
| Системный номер авторитетной/нормативной записи | 351179 |
| 852 ## - МЕСТОНАХОЖДЕНИЕ И ШИФР ХРАНЕНИЯ | |
| Идентификатор организации | NLR |
| Шифр хранения (Call Number) | 2022-3/7186 |
| 942 ## - ДОПОЛНИТЕЛЬНЫЕ ЭЛЕМЕНТЫ ЗАПИСИ (АБИС) | |
| Тип экземпляра АБИС | Книга |
Нет доступных экземпляров.